The main aspects of sustainability evaluation in construction
Existen varias interpretaciones sobre la definicin̤ de construccin̤ sostenible. En este documento se examinan investigaciones contemporǹeas sobre este tp̤ico. Es claro que la construccin̤ sostenible es una manera de la industria de la construccin̤ de moverse hacia un escenario de desarrollo sosteni...
Saved in:
| Andre forfattere: | , |
|---|---|
| Format: | Bog |
| Sprog: | engelsk |
| Fag: | |
| Online adgang: | The main aspects of sustainability evaluation in construction |
| Tags: |
Tilføj Tag
Ingen Tags, Vær først til at tagge denne postø!
|
MARC
| LEADER | 00000nam a22000004a 4500 | ||
|---|---|---|---|
| 001 | vpro12486 | ||
| 005 | 20201223000000.0 | ||
| 008 | 180225s2018 ck # g## #001 0#eng#d | ||
| 020 | |||
| 022 | |||
| 040 | |a CO-BoINGC | ||
| 041 | 0 | |a eng | |
| 245 | 1 | 0 | |a The main aspects of sustainability evaluation in construction |
| 246 | |a Los aspectos principales de la evaluacin̤ de sostenibilidad en construccin̤ | ||
| 264 | |a Bogot ̀(Colombia) : |b Revista VirtualPRO, |c 2018 | ||
| 520 | 3 | |a Existen varias interpretaciones sobre la definicin̤ de construccin̤ sostenible. En este documento se examinan investigaciones contemporǹeas sobre este tp̤ico. Es claro que la construccin̤ sostenible es una manera de la industria de la construccin̤ de moverse hacia un escenario de desarrollo sostenible. Es un tema multidimensional que, debido a esto, presenta dificultades en el momento de evaluarlo. | |
| 650 | \ | \ | |a Sostenibilidad |
| 650 | \ | \ | |a Indicadores |
| 650 | \ | \ | |a Industria de la construccin̤ |
| 650 | \ | \ | |a Toma de decisiones |
| 650 | \ | \ | |a Sustainability |
| 650 | \ | \ | |a Indicators |
| 650 | \ | \ | |a Construction industry |
| 650 | \ | \ | |a Decision making |
| 650 | \ | \ | |a Construccin̤ sostenible |
| 650 | \ | \ | |a Evaluacin̤ de sostenibilidad |
| 650 | \ | \ | |a Indicadores |
| 650 | \ | \ | |a TOPSIS |
| 650 | \ | \ | |a SAW |
| 650 | \ | \ | |a Sustainable construction |
| 650 | \ | \ | |a Sustainability Assessment |
| 650 | \ | \ | |a Indicators |
| 650 | \ | \ | |a TOPSIS |
| 650 | \ | \ | |a SAW |
| 700 | \ | \ | |a <U+008A>aparauskas Jonas |
| 700 | \ | \ | |a Vilnius Gediminas Technical University (VGTU) |
| 856 | |z The main aspects of sustainability evaluation in construction |u https://virtualpro.unach.elogim.com/biblioteca/los-aspectos-principales-de-la-evaluacion-de-sostenibilidad-en-construccion | ||